00838nam a22003011i 4500001000900000003000900009005001700018007000900035008004100044016001300085017000900098020001800107035000600125035000600131040002200137080000600159100000600165110002800171245004000199260003100239300002800270650003900298942001200337945002800349952010500377956003900482999001500521 0789550DO-SdBNP20180226131330.0 0789550900725s1977 sp spa 7 a 2BPMSU a b  a8485297008c  a  a  aBPMSUbspacBPMSU 0a 1 d  cWolt Disney Productions10aManual de Tarconi /h cWalt Disney aMadrid : bMontena, c1977 a254 p. : bil. ;c20 cm 7aInventosvLibros infantiles2embne 2ddccBK aInventariado, 2018 / BT 00102ddc40708CI-GaBPMETbBPMETd2016-04-13eFUNDIl0pBPMSU16040411r2016-04-13w2016-04-13yBK a VMATEO2103201604136BPMSU80069 c9751d9751